| 000 | 01442cam a2200313 a 4500 | ||
|---|---|---|---|
| 001 | 3091587 | ||
| 003 | OSt | ||
| 005 | 20040315150138.0 | ||
| 008 | 980629s2009 nyua |db 001 0 eng | ||
| 020 | _a0077118138 | ||
| 020 | _a978-0077118136 | ||
| 040 | _cDLC | ||
| 082 | 0 | 0 |
_a337.4047 _221 _bNEL |
| 100 | 2 |
_aSenior Nello, Susan. _928508 |
|
| 245 | 1 | 4 |
_aThe European Union : _bEconomics, Policies and History / _cSusan Senior Nello. |
| 250 | _a2 nd. | ||
| 260 |
_aNew York : _bMcGraw-Hill, _c2009. |
||
| 300 |
_a544 p. : _bill. ; _c26 cm. |
||
| 504 | _aIncludes bibliographical references and index. | ||
| 651 | 0 |
_aEuropean Union countries _xForeign economic relations _zEurope, Eastern. _928509 |
|
| 651 | 0 |
_aEuropean Union countries _xForeign economic relations _zEurope, Central. _928510 |
|
| 651 | 0 |
_aEurope, Eastern _xForeign economic relations _zEuropean Union countries. _928511 |
|
| 651 | 0 |
_aEurope, Central _xForeign economic relations _zEuropean Union countries. _928512 |
|
| 651 | 0 |
_aEurope _xEconomic integration. _928513 |
|
| 653 |
_bEco _cJanuary2012 |
||
| 942 |
_2ddc _cBB |
||
| 999 |
_c16364 _d16364 |
||